000 00651nam a22002417a 4500
003 UA-OsUOA
001 119782
007 ta
008 20161117b un ||||| |||| 00| 0 ukr d
100 _aВестлі Б.
090 _a94(477:430)"1941/1945"
_bВ38
942 _cBK
040 _aUA-OsUOA
_bukr
_cUA-OsUOA
_dUA-OsUOA
245 _aВійна мого батька
300 _a260 с.
955 _a2
041 _aukr
080 _a94(477:430)"1941/1945"
020 _a978-966-2214-41-2
260 _aК.
_bУЦВІГ
_c2014
650 7 _a9 Географія. Біографії. Історія
_2UDC
999 _c405977
_d405977